বাংলাদেশের লৌকিক আচার-অনুষ্ঠান জন্ম ও বিবাহ / (Record no. 10350)
[ view plain ]
| 000 -LEADER | |
|---|---|
| fixed length control field | 00810nam a22002057a 4500 |
| 001 - CONTROL NUMBER | |
| control field | BD-DhSAU 10350 |
| 003 - CONTROL NUMBER IDENTIFIER | |
| control field | BD-DhSAU |
| 005 - DATE AND TIME OF LATEST TRANSACTION | |
| control field | 20150627113423.0 |
| 008 - FIXED-LENGTH DATA ELEMENTS--GENERAL INFORMATION | |
| fixed length control field | 150530b1988 bg ||||| |||| 00| 0 eng d |
| 040 ## - CATALOGING SOURCE | |
| Original cataloging agency | BD-DhSAU |
| 082 ## - DEWEY DECIMAL CLASSIFICATION NUMBER | |
| Edition number | 22 |
| Classification number | ... |
| Item number | চৌধুবা |
| 100 ## - MAIN ENTRY--PERSONAL NAME | |
| Personal name | চৌধুরী, মোমেন |
| 245 ## - TITLE STATEMENT | |
| Title | বাংলাদেশের লৌকিক আচার-অনুষ্ঠান জন্ম ও বিবাহ / |
| Statement of responsibility, etc. | মোমেন চৌধুরী |
| 260 ## - PUBLICATION, DISTRIBUTION, ETC. (IMPRINT) | |
| Place of publication, distribution, etc. | ঢাকা : |
| Name of publisher, distributor, etc. | বাংলা একাডেমী, |
| Date of publication, distribution, etc. | ১৯৮৮. |
| 300 ## - PHYSICAL DESCRIPTION | |
| Extent | ২৫৫ পৃ। : |
| Dimensions | ২২ সে মি। |
| Other physical details | চিত্র ; |
| 590 ## - Name of Cataloguer | |
| Name of Cataloger | Jerin |
| 650 ## - SUBJECT ADDED ENTRY--TOPICAL TERM | |
| Topical term or geographic name as entry element | লৌকিক আচার-অনুষ্ঠান |
| 651 ## - SUBJECT ADDED ENTRY--GEOGRAPHIC NAME | |
| Geographic name | বাংলাদেশ |
| 942 ## - ADDED ENTRY ELEMENTS (KOHA) | |
| Source of classification or shelving scheme | Dewey Decimal Classification |
| Koha item type | Book |
| Withdrawn status | Lost status | Source of classification or shelving scheme | Damaged status | Not for loan | Collection code | Home library | Branch Name | Shelving location | Date acquired | Total Checkouts | Full call number | Barcode | Date last seen | Price effective from | Koha item type |
|---|---|---|---|---|---|---|---|---|---|---|---|---|---|---|---|
| Dewey Decimal Classification | Not For Loan | Reference | SAU Library | SAU Library | Reference | 23/06/1992 | ... চৌধুবা | 18801 | 27/06/2015 | 27/06/2015 | Book | ||||
| Dewey Decimal Classification | Not For Loan | Non-fiction | SAU Library | SAU Library | Reference | 23/06/1992 | ... চৌধুবা | 18800 | 03/07/2015 | 03/07/2015 | Book |
